000 00598pam a2200217 a 4500
001 725370
005 20240202000828.0
008 980313s1998 nyu b 001 0 eng
020 _a0333749111
040 _aDLC
_cDLC
_dDLC
082 0 0 _a306.
_221
_bPASS.
100 1 _aCohen, Sande.
245 1 0 _aPassive nihilism :
_bcultural historiography and the rhetorics of scholarship /
_cSande Cohen.
250 _a1st ed.
260 _aNew York :
_bSt. Martin's Press,
_c1998.
300 _a232 p. ;
650 0 _aHistoriography.
650 0 _aNihilism (Philosophy)
650 0 _aRhetoric.
942 _cL
999 _c263
_d263